Odkiaľ a kam

Bibliographic Details
Main Authors: Romanyšyn, Romana, 1984- (Author, Illustrator), Lesiv, Andrij, 1984- (Author, Illustrator)
Other Authors: Oriešek, Patrik, 1977- (Translator)
Format: Book
Language:Slovak
Ukrainian
PhysicalDescription:60 nečíslovaných strán farebné ilustrácie 23 x 31 cm
Published: [Bratislava] Monokel 2022
ISBN:9788082340092
Subjects:

MARC

LEADER 00000nam a2200000 4500
001 vtls012145312
003 SK-MaSNL
005 20260301151431.0
008 220803s2022 xo a b 000 0 slo
020 |a 9788082340092  |q (viazané) 
040 |a SNK  |b slo  |c SNK  |e rda 
041 1 |a slo  |h ukr 
044 |a xo  |c SK 
072 7 |a 0/9-053.2  |x Literatúra pre deti a mládež (náučná)  |2 konspekt 
072 7 |a 91  |x Geografia ako veda. Výskum. Cestovanie  |2 konspekt 
080 |a 531.1  |2 2011 
080 |a 910.4  |2 2011 
080 |a 612.76  |2 2001 
080 |a 591.17  |2 2001 
080 |a 581.18  |2 2001 
080 |a (0.053.2)  |2 2011 
080 |a (084.11)  |2 2011 
100 1 |a Romanyšyn, Romana,  |d 1984-  |4 aut  |4 ill  |9 160389 
245 1 0 |a Odkiaľ a kam  |c Romana Romanyšyn a Andrij Lesiv ; z ukrajinčiny preložil Patrik Oriešek 
264 1 |a [Bratislava]  |b Monokel  |c 2022 
300 |a 60 nečíslovaných strán  |b farebné ilustrácie  |c 23 x 31 cm 
336 |a text  |b txt  |2 rdacontent 
336 |a statický obraz  |b sti  |2 rdacontent 
337 |a bez média  |b n  |2 rdamedia 
338 |a zväzok  |b nc  |2 rdacarrier 
500 |a Preložené z ukrajinčiny 
650 0 7 |a pohyb (biológia)  |2 SNKPH  |9 88333 
650 0 7 |a pohyb (fyzika)  |2 SNKPH  |9 103534 
650 0 7 |a cestovanie  |2 SNKPH  |9 18846 
650 0 7 |a pohyb (filozofia)  |2 SNKPH  |9 2149 
655 7 |a publikácie pre deti  |2 SNKPH  |9 70148 
655 7 |a obrazové publikácie  |2 SNKPH  |9 70343 
700 1 |a Lesiv, Andrij,  |d 1984-  |4 aut  |4 ill  |9 160390 
700 1 |a Oriešek, Patrik,  |d 1977-  |4 trl  |9 103589 
852 |a Slovenská národná knižnica 
919 |a 978-80-8234-009-2 
999 |c 786562  |d 788492 
952 |t 1  |a SNK  |b SNK  |y PREZ  |7 0  |p 17A1574423  |o snkSC 210542  |i snk2025/8366  |8 0  |0 0  |1 0  |2 udc  |4 0  |d 2025-05-23  |l 0  |r 2026-02-24 01:22:00  |w 2026-02-24 
952 |t 2  |a SNK  |b SNK  |y VYP  |7 0  |p 17A1508251  |o snkSC 210542 D1  |i snk2026/3350  |8 3  |g 11.90  |0 0  |1 0  |2 udc  |4 0  |d 2026-03-10  |l 0  |r 2026-03-10 12:50:02  |w 2026-03-10